| 000 | 01882cam a22005417i 4500 | ||
|---|---|---|---|
| 999 |
_c1466 _d1466 |
||
| 001 | 17888160 | ||
| 003 | OSt | ||
| 005 | 20221230094108.0 | ||
| 008 | 130916t20132013dcua b 000 0 eng d | ||
| 010 | _a 2013427922 | ||
| 020 | _a9781426314063 (pbk.) | ||
| 035 | _a(OCoLC)ocn825046888 | ||
| 040 |
_aYDXCP _beng _cYDXCP _erda _dBTCTA _dI4F _dDLC _dKH8 |
||
| 042 | _alccopycat | ||
| 082 | 0 | 4 |
_a591.5 MAR _223 |
| 245 | 0 | 0 | _aPredators collection. |
| 264 | 1 |
_aWashington, D.C. : _bNational Geographic Society, _c[2013] |
|
| 264 | 4 | _c©2013 | |
| 300 |
_a32, 31, 32, 32 pages : _bcolor illustrations ; _c23 cm |
||
| 336 |
_atext _btxt _2rdacontent |
||
| 337 |
_aunmediated _bn _2rdamedia |
||
| 338 |
_avolume _bnc _2rdacarrier |
||
| 490 | 1 | _aNational geographic readers. Levels 1 & 2. | |
| 490 | 1 | _aNational Geographic kids | |
| 500 | _aCover title. | ||
| 500 | _a"4 books in one! Levels 1 & 2"--Cover. | ||
| 505 | 0 | 0 |
_tSpiders / _rLaura Marsh-- _tSharks! / _rAnne Schreiber-- _tTigers / _rLaura Marsh -- _tWolves / _rLaura Marsh. |
| 650 | 0 |
_aAnimals _vJuvenile literature. |
|
| 650 | 0 |
_aSpiders _vJuvenile literature. |
|
| 650 | 0 |
_aSharks _vJuvenile literature. |
|
| 650 | 0 |
_aTiger _vJuvenile literature. |
|
| 650 | 0 |
_aWolves _vJuvenile literature. |
|
| 650 | 1 | _aSpiders. | |
| 650 | 1 | _aSharks. | |
| 650 | 1 | _aTiger. | |
| 650 | 1 | _aWolves. | |
| 700 | 1 | 2 |
_aMarsh, Laura F. _tSpiders. |
| 700 | 1 | 2 |
_aSchreiber, Anne. _tSharks! |
| 700 | 1 | 2 |
_aMarsh, Laura F. _tTigers. |
| 700 | 1 | 2 |
_aMarsh, Laura F. _tWolves. |
| 710 | 2 | _aNational Geographic Society (U.S.) | |
| 830 | 0 |
_aNational Geographic readers. _nLevel 1. |
|
| 830 | 0 |
_aNational Geographic readers. _nLevel 2. |
|
| 830 | 0 | _aNational Geographic kids. | |
| 906 |
_a7 _bcbc _ccopycat _d2 _encip _f20 _gy-gencatlg |
||
| 942 |
_2ddc _cNFIC |
||